| 000 | 00778cam a22001935a 4500 | ||
|---|---|---|---|
| 001 | L140914 | ||
| 008 | 071017s1982 xxkbchog 000 0deng d | ||
| 035 | _a(Sirsi) u140914 | ||
| 041 | 0 | _aeng | |
| 050 | 0 | 4 | _a920 $2 18 |
| 110 | 2 |
_aRichard Ellis _91875 |
|
| 245 | 0 | 0 | _aTwo centuries of service |
| 260 |
_a[S.l.] _bRichard Ellis _c1982 |
||
| 300 |
_a36 p. _bcol. ill., ports. _c30 cm. + _e 2 sheets (29 x 78 cm., folded to 29 x 20 cm. and 27 x 24 cm., folded to 27 x 12 cm.) |
||
| 520 | _aThe history of the firm of Richard Ellis from 1773 to 1982. Item is accompanied by a timeline and a leaflet on chartered surveyors, which are housed in a pocket inside the rear cover. | ||
| 651 | 4 |
_aUnited Kingdom _y |
|
| 690 | _aABOUT RICS-RICS MEMBERS-CHARTERED SURVEYORS | ||
| 942 | _n0 | ||
| 999 |
_c107571 _d107571 |
||